Soron kívül ...
Elmentve itt :
| Szerző: | |
|---|---|
| Dokumentumtípus: | Cikk |
| Megjelent: |
1988
|
| Sorozat: | Tiszatáj
42 No. 12 |
| Kulcsszavak: | Tandori Dezső, Irodalomtörténet - magyar - 20. sz. |
| Online Access: | http://tiszataj.bibl.u-szeged.hu/13860 |
| LEADER | 00593nab a2200181 i 4500 | ||
|---|---|---|---|
| 001 | tisza13860 | ||
| 005 | 20200330145431.0 | ||
| 008 | 170325s1988 hu o 0|| hun d | ||
| 022 | |a 0133-1167 | ||
| 040 | |a SZTE Tiszatáj Archívum |b hun | ||
| 041 | |a hun | ||
| 100 | 1 | |a Zsoldos Sándor | |
| 245 | 1 | 0 | |a Soron kívül ... |h [elektronikus dokumentum] / |c Zsoldos Sándor |
| 260 | |c 1988 | ||
| 300 | |a 3-4 | ||
| 490 | 0 | |a Tiszatáj |v 42 No. 12 | |
| 695 | |a Tandori Dezső, Irodalomtörténet - magyar - 20. sz. | ||
| 856 | 4 | 0 | |u http://tiszataj.bibl.u-szeged.hu/13860/1/tiszataj_1988_012_003-004.pdf |z Dokumentum-elérés |